LIBRARY & INFORMATION CENTRE, KCAET, TAVANUR

ONLINE PUBLIC ACCESS CATALOGUE (OPAC)

Don quixote in two volumes vol-2 / (Record no. 4385)

MARC details
000 -LEADER
fixed length control field 00423cam a2200157ua 4500
041 ## - LANGUAGE CODE
Language code of text/sound track or separate title eng
082 ## - DEWEY DECIMAL CLASSIFICATION NUMBER
Classification number 823.308
Item number CER/DO
100 ## - MAIN ENTRY--AUTHOR NAME
Personal name Cervanter Saavdra, Miguel .
245 ## - TITLE STATEMENT
Title Don quixote in two volumes vol-2 /
260 ## - PUBLICATION, DISTRIBUTION, ETC. (IMPRINT)
Place of publication London :
Name of publisher J M Dent and Sons Ltd ,
Year of publication 1960.
300 ## - PHYSICAL DESCRIPTION
Number of Pages 484 ; .
942 ## - ADDED ENTRY ELEMENTS (KOHA)
Koha item type Books
Holdings
Withdrawn status Lost status Damaged status Home library Current library Date acquired Full call number Accession Number Koha item type
Withdrawn     KAUAET Malayalam University 07/04/2012 823.308 4555 Books
Withdrawn     KAUAET Sanskrit University 07/04/2012 823.308 4556 Books
free website counter